[Event "Chigorin Memorial 2019"]
[Site "St Petersburg RUS"]
[Date "2019.10.09"]
[Round "5.158"]
[White "De Luna Butz, Alberto"]
[Black "Kuleshov, Dmitrii"]
[Result "1/2-1/2"]
[WhiteElo "1770"]
[BlackElo "1245"]
[WhiteFideId "2269007"]
[BlackFideId "24276880"]
[EventDate "2019.10.05"]

1. Nf3 c5 2. b3 d5 3. e3 e6 4. Bb2 Nf6 5. g3 Be7 6. Bg2 Nc6 7. O-O O-O 8. c4 b6
9. Qe2 Ba6 10. d3 Qc7 11. Nc3 Rfd8 12. Rfd1 Rd7 13. Nb5 Qb7 14. e4 Rad8 15. e5
Ne8 16. a3 Nc7 17. a4 Bxb5 18. axb5 Na5 19. Qc2 a6 20. Bc3 axb5 21. Bxa5 bxa5
22. Rxa5 dxc4 23. bxc4 bxc4 24. Qxc4 Qb4 25. Qxb4 cxb4 26. d4 Nd5 27. Bf1 Nc3
28. Rd2 b3 29. Bc4 Rb7 30. Rb2 Rdb8 31. Ra1 h6 32. Nd2 Bg5 33. f4 Be7 34. Kf2
Ba3 35. Rxb3 Rxb3 36. Nxb3 Bb2 37. Ra7 g5 38. Ke3 Nb5 39. Bxb5 Rxb5 40. Nc5 Rb4
41. Rd7 Rc4 42. h4 Bxd4+ 43. Rxd4 Rxc5 1/2-1/2

[Event "Chigorin Memorial 2019"]
[Site "St Petersburg RUS"]
[Date "2019.10.09"]
[Round "5.159"]
[White "Frolov, Zakhar"]
[Black "Shevtsova, Stefania"]
[Result "1-0"]
[WhiteElo "1213"]
[BlackElo "1715"]
[WhiteFideId "34428380"]
[BlackFideId "24218162"]
[EventDate "2019.10.05"]

1. e4 c6 2. d4 d5 3. exd5 cxd5 4. c4 Nf6 5. Nf3 Nc6 6. Nc3 Bg4 7. Be3 e6 8. c5
Be7 9. h3 Bh5 10. Be2 O-O 11. Nh2 Bxe2 12. Qxe2 Nd7 13. O-O Re8 14. Nf3 Bf6 15.
Rfd1 a6 16. Bf4 Nxd4 17. Nxd4 e5 18. Nxd5 exf4 19. Nxf6+ Qxf6 20. Qc2 Rad8 21.
c6 bxc6 22. Nxc6 Rc8 23. Rxd7 Rxc6 24. Qd2 Rce6 25. Rd1 g6 26. Rd8 Kg7 27. Rxe8
Rxe8 28. b3 Re6 29. Kf1 f3 30. Qd4 fxg2+ 31. Kxg2 Re2 32. Qxf6+ Kxf6 33. Rd6+
Re6 34. Rxe6+ 1-0

[Event "Chigorin Memorial 2019"]
[Site "St Petersburg RUS"]
[Date "2019.10.09"]
[Round "5.162"]
[White "Guseva, Oksana"]
[Black "Panchenko, Sergey"]
[Result "1-0"]
[WhiteElo "1925"]
[BlackElo "1465"]
[WhiteFideId "34400940"]
[BlackFideId "54158354"]
[EventDate "2019.10.05"]

1. Nf3 d5 2. g3 c6 3. Bg2 Nf6 4. O-O Bf5 5. d3 e6 6. Nbd2 Bd6 7. Nh4 Bg6 8. f4
Bc5+ 9. Kh1 Ng4 10. Nb3 Nf2+ 11. Rxf2 Bxf2 12. e3 a5 13. Qe2 a4 14. Nd2 Bxg3 15.
hxg3 f6 16. e4 Bf7 17. exd5 cxd5 18. Ndf3 h6 19. Bh3 Qe7 20. Bd2 g5 21. Ng2 Rg8
22. fxg5 hxg5 23. g4 Rh8 24. Ng1 Nc6 25. Rf1 Rh6 26. c3 Kd7 27. Ne3 Rah8 28. Kg2
Bg6 29. d4 Be4+ 30. Kf2 Rxh3 31. Nxh3 Rxh3 32. Ke1 Rh6 33. Qb5 Kc7 34. Qxa4 Bd3
35. Rg1 Rh2 36. Kd1 Qd6 37. Kc1 Re2 38. Qd1 Na5 39. Rh1 Rh2 40. Rxh2 Qxh2 41. b3
b5 42. c4 Nc6 43. cxd5 Nxd4 44. Ba5+ Kb8 45. Qxd3 1-0

[Event "Chigorin Memorial 2019"]
[Site "St Petersburg RUS"]
[Date "2019.10.09"]
[Round "5.163"]
[White "Kleschev, Semen"]
[Black "Laukhina, Margarita A."]
[Result "1/2-1/2"]
[WhiteElo "1328"]
[BlackElo "1770"]
[WhiteFideId "24234338"]
[BlackFideId "54192730"]
[EventDate "2019.10.05"]

1. Nf3 d5 2. d4 Nf6 3. c4 c6 4. Nc3 e6 5. cxd5 cxd5 6. Bg5 Be7 7. e3 Nc6 8. Bd3
O-O 9. O-O Bd7 10. Rc1 Rc8 11. Qe2 h6 12. Bh4 Ne8 13. Bxe7 Qxe7 14. Bb1 f5 15.
Nd2 Nf6 16. Nb3 b6 17. Nd2 Na5 18. Bd3 Qb4 19. Nf3 Qd6 20. Ne5 Ne4 21. Nb5 Bxb5
22. Bxb5 Rc7 23. Rc2 Rxc2 24. Qxc2 Qb4 25. Bd7 Qd6 26. Rc1 Nc4 27. Nxc4 dxc4 28.
Bb5 Rc8 29. Bxc4 Kh8 30. Qd1 Qc7 31. Rc2 Qd6 32. Bd3 Rxc2 33. Qxc2 Nf6 34. g3 a5
35. Bc4 Ne4 36. Bd3 Nf6 37. Bc4 1/2-1/2

[Event "Chigorin Memorial 2019"]
[Site "St Petersburg RUS"]
[Date "2019.10.09"]
[Round "5.164"]
[White "Bugaev, Anton"]
[Black "Chereshkevich, Yuri"]
[Result "1/2-1/2"]
[WhiteElo "1758"]
[BlackElo "1478"]
[WhiteFideId "54176085"]
[BlackFideId "34282882"]
[EventDate "2019.10.05"]

1. d4 f5 2. c4 Nf6 3. Nc3 g6 4. Nf3 Bg7 5. b4 d6 6. Bb2 Nbd7 7. d5 c6 8. e3 Nb6
9. Qd2 e5 10. dxc6 bxc6 11. Rd1 Ke7 12. c5 Nbd5 13. Bc4 Be6 14. cxd6+ Qxd6 15.
Nxe5 Rac8 16. b5 Qc5 17. Nxc6+ Rxc6 18. bxc6 Qxc4 19. Nxd5+ Bxd5 20. Qa5 Rc8 21.
Qxa7+ Kf8 22. Rc1 Qxa2 23. Qxa2 Bxa2 24. O-O Bd5 25. Rfd1 Be6 26. Rd6 Ke7 27.
Ba3 Kf7 28. Rd2 Ne4 29. Rd3 Be5 30. f3 Nf6 31. Bd6 Bxd6 32. Rxd6 Ke7 33. Rd4 Bd5
34. c7 Be6 35. e4 fxe4 36. fxe4 Ne8 37. Rd8 Rxd8 38. cxd8=Q+ Kxd8 39. Kf2 Ke7
40. Ke3 Nf6 41. h3 Nd7 42. Kd4 Kd6 43. Ra1 Nb8 44. e5+ Kc6 45. Rc1+ Kd7 46. Kc5
Ke7 47. Kd4 1/2-1/2

[Event "Chigorin Memorial 2019"]
[Site "St Petersburg RUS"]
[Date "2019.10.09"]
[Round "5.166"]
[White "Korolev, Artem"]
[Black "Petrova, Varvara"]
[Result "0-1"]
[WhiteElo "1459"]
[BlackElo "1647"]
[WhiteFideId "44170017"]
[BlackFideId "54191254"]
[EventDate "2019.10.05"]

1. Nf3 Nf6 2. e3 g6 3. c4 Bg7 4. Nc3 d5 5. b3 O-O 6. Be2 c5 7. d4 dxc4 8. bxc4
cxd4 9. exd4 Nc6 10. Bb2 Qb6 11. Rb1 Bf5 12. Bd3 Nxd4 13. Nxd4 Qxd4 14. Bxf5
Qe5+ 15. Ne2 Qxf5 16. O-O Rfd8 17. Qb3 b6 18. Nd4 Qc5 19. Rbd1 e6 20. Ba3 Qh5
21. h3 g5 22. Nc6 Rxd1 23. Rxd1 Qh4 24. Nxa7 Ne8 25. Nc6 Qe4 26. Ne7+ Kh8 27.
Bb2 Qb7 28. Bxg7+ Kxg7 29. Qf3 Qxf3 30. gxf3 Rxa2 31. Nc8 Rb2 32. Ra1 Rb4 33.
Rc1 Nf6 34. Ne7 Nd7 35. Nc6 Rb3 36. Kg2 Nc5 37. Nd4 Rb2 38. Rc2 Nd3 39. Kg3 Kf6
40. Rc3 Ne5 41. c5 bxc5 42. Rxc5 h5 43. Rc2 Rb1 44. Kg2 Nd3 45. Rd2 Nf4+ 46. Kh2
Rb4 47. Nc6 Rb3 48. Nd4 Rc3 49. Nc2 Rxf3 50. Ne3 Rxh3+ 0-1

[Event "Chigorin Memorial 2019"]
[Site "St Petersburg RUS"]
[Date "2019.10.09"]
[Round "5.167"]
[White "Lezin, Aleksandr"]
[Black "Timirev, Sergey"]
[Result "0-1"]
[WhiteElo "1307"]
[BlackElo "1613"]
[WhiteFideId "54147239"]
[BlackFideId "24181676"]
[EventDate "2019.10.05"]

1. e4 c5 2. d4 cxd4 3. c3 dxc3 4. Nxc3 Nc6 5. Nf3 d6 6. Bc4 e6 7. O-O Be7 8. Qe2
a6 9. Rd1 Qc7 10. Bf4 Nf6 11. e5 Nxe5 12. Nxe5 dxe5 13. Bxe5 Qb6 14. Rac1 O-O
15. Ne4 Nxe4 16. Qxe4 Rd8 17. Bd4 Qa5 18. Rd3 Qf5 19. Qe3 Bg5 20. Qg3 Qf4 21.
Rcd1 Qxg3 22. hxg3 b5 23. Bb3 Bb7 24. f4 Be7 25. g4 Be4 26. Re3 Bd5 27. Red3
Bxb3 28. axb3 Bf6 29. Bxf6 Rxd3 30. Rxd3 gxf6 31. Rd6 Kf8 32. Kh2 Ke7 33. Rb6
Ra7 34. Rb8 0-1

[Event "Chigorin Memorial 2019"]
[Site "St Petersburg RUS"]
[Date "2019.10.09"]
[Round "5.168"]
[White "Terman, Elizaveta"]
[Black "Oleinik, Egor"]
[Result "1-0"]
[WhiteElo "1100"]
[BlackElo "1575"]
[WhiteFideId "34297014"]
[BlackFideId "14158469"]
[EventDate "2019.10.05"]

1. d4 d5 2. c4 e6 3. Nc3 Nf6 4. Bg5 Be7 5. Nf3 O-O 6. e3 Nbd7 7. Bd3 b6 8. O-O
Bb7 9. Qe2 Ne4 10. Bxe7 Qxe7 11. Rac1 c5 12. Nd2 f5 13. f3 Nxd2 14. Qxd2 Rac8
15. cxd5 exd5 16. Bb5 a6 17. Bxd7 Qxd7 18. dxc5 Rxc5 19. Rfd1 Rd8 20. Qd4 Rdc8
21. Qd2 a5 22. e4 fxe4 23. fxe4 Rd8 24. exd5 Bxd5 25. a3 Rcc8 26. Nxd5 1-0

[Event "Chigorin Memorial 2019"]
[Site "St Petersburg RUS"]
[Date "2019.10.09"]
[Round "5.170"]
[White "Dudarev, Vladislav"]
[Black "Gagonin, Aleksandr"]
[Result "1-0"]
[WhiteElo "2034"]
[BlackElo "1306"]
[WhiteFideId "54134862"]
[BlackFideId "34427031"]
[EventDate "2019.10.05"]

1. Nf3 Nf6 2. c4 e6 3. Nc3 b6 4. e4 Bb7 5. e5 Ne4 6. Nxe4 Bxe4 7. Be2 d6 8. exd6
Bxd6 9. d4 O-O 10. O-O c5 11. Bd3 Bxd3 12. Qxd3 h6 13. d5 exd5 14. cxd5 Nd7 15.
Bd2 Nf6 16. Rad1 Qc7 17. Bc3 Ng4 18. g3 f5 19. h3 c4 20. Qc2 Ne5 21. Bxe5 Bxe5
22. Nxe5 Qxe5 23. Qxc4 Rac8 24. Qb3 f4 25. d6+ Kh8 26. Rfe1 Qc5 27. g4 Rcd8 28.
d7 h5 1-0

[Event "Chigorin Memorial 2019"]
[Site "St Petersburg RUS"]
[Date "2019.10.09"]
[Round "5.171"]
[White "Mirzoyan, Samvel"]
[Black "Kiselev, Viktor"]
[Result "1-0"]
[WhiteElo "1203"]
[BlackElo "1773"]
[WhiteFideId "34338063"]
[BlackFideId "24119075"]
[EventDate "2019.10.05"]

1. e4 e5 2. Nf3 Nc6 3. d4 exd4 4. Nxd4 Bc5 5. Nb3 Bb6 6. Nc3 Qf6 7. Qe2 Qe5 8.
Be3 Bxe3 9. Qxe3 Nge7 10. O-O-O a6 11. f4 Qh5 12. Be2 Qh6 13. g4 d6 14. h4 Qe6
15. Rh3 g6 16. Nd5 Nxd5 17. exd5 Qxe3+ 18. Rxe3+ Ne7 19. Re1 Kd8 20. Bf3 Re8 21.
Nd4 Bd7 22. f5 Ng8 23. Rxe8+ Bxe8 24. g5 Bd7 25. f6 Rc8 26. Kd2 c5 27. dxc6 bxc6 1-0

[Event "Chigorin Memorial 2019"]
[Site "St Petersburg RUS"]
[Date "2019.10.09"]
[Round "5.174"]
[White "Romanov, Nikita M."]
[Black "Tsapalin, Sergey"]
[Result "1-0"]
[WhiteElo "1587"]
[BlackElo "1932"]
[WhiteFideId "34273875"]
[BlackFideId "4107071"]
[EventDate "2019.10.05"]

1. e4 c5 2. c3 d5 3. exd5 Qxd5 4. d4 Nf6 5. Nf3 Bg4 6. Be2 e6 7. O-O cxd4 8.
cxd4 Nc6 9. Nc3 Qd8 10. Be3 Be7 11. Qb3 O-O 12. Qxb7 Nb4 13. Bf4 Nbd5 14. Bg3
Bd6 15. Qb5 Bxg3 16. hxg3 Nxc3 17. bxc3 Nd5 18. Qd3 Bf5 19. Qd2 Qa5 20. c4 Qxd2
21. Nxd2 Nc3 22. Bf3 Rad8 23. Nb3 Rc8 24. c5 Rfd8 25. Rfc1 Nb5 26. Rc4 Bd3 27.
Rb4 a5 28. Nxa5 Nxd4 29. Rc1 Nc2 30. Rb2 Rxc5 31. Nb7 1-0

[Event "Chigorin Memorial 2019"]
[Site "St Petersburg RUS"]
[Date "2019.10.10"]
[Round "6.4"]
[White "Kovalenko, Igor"]
[Black "Pourramezanali, Amirreza"]
[Result "1/2-1/2"]
[WhiteTitle "GM"]
[BlackTitle "GM"]
[WhiteElo "2674"]
[BlackElo "2487"]
[WhiteFideId "14117908"]
[BlackFideId "12511412"]
[EventDate "2019.10.05"]

1. c4 e6 2. Nc3 d5 3. d4 Be7 4. cxd5 exd5 5. Bf4 Nf6 6. e3 O-O 7. Bd3 c5 8. Nge2
Nc6 9. O-O cxd4 10. exd4 Be6 11. Rc1 Rc8 12. h3 Re8 13. a3 Bd6 14. Qd2 a6 15. b4
h6 16. Na4 Ne4 17. Bxe4 dxe4 18. d5 Bxf4 19. Nxf4 Bf5 20. Rc3 Ne5 21. Rg3 Qd6
22. Qd4 Rc4 23. Qa1 Ng6 24. Nxg6 Bxg6 25. Re1 a5 26. Qa2 b5 27. Nc3 axb4 28.
axb4 Qxb4 29. Rb1 Qc5 30. Rxb5 Qd4 31. Ne2 Qd1+ 32. Kh2 Rc2 33. Rb2 e3 34. Rxe3
Rxe3 35. Rxc2 Bxc2 36. fxe3 Qxe2 37. d6 Qd2 38. d7 Qd6+ 39. Kg1 Qd1+ 40. Kh2
Qd6+ 41. Kg1 Be4 42. Qc4 1/2-1/2

[Event "Chigorin Memorial 2019"]
[Site "St Petersburg RUS"]
[Date "2019.10.10"]
[Round "6.11"]
[White "Gareyev, Timur"]
[Black "Smirnov, Artem"]
[Result "1-0"]
[WhiteTitle "GM"]
[BlackTitle "IM"]
[WhiteElo "2597"]
[BlackElo "2416"]
[WhiteFideId "14200937"]
[BlackFideId "4143256"]
[EventDate "2019.10.05"]

1. Nf3 Nf6 2. c4 g6 3. Nc3 Bg7 4. e4 d6 5. d4 O-O 6. Be2 e5 7. O-O Na6 8. Re1 c6
9. Rb1 exd4 10. Nxd4 Nc5 11. f3 a5 12. Be3 Re8 13. Qd2 Nfd7 14. Bf1 Ne5 15. Red1
Qe7 16. Nc2 Bf8 17. Re1 Be6 18. b3 Rad8 19. Nd4 Bg7 20. Rbd1 Bc8 21. h3 Qc7 22.
Bf2 1-0

[Event "Chigorin Memorial 2019"]
[Site "St Petersburg RUS"]
[Date "2019.10.10"]
[Round "6.12"]
[White "Vlasenko, Miroslav"]
[Black "Yuffa, Daniil"]
[Result "1/2-1/2"]
[WhiteTitle "IM"]
[BlackTitle "GM"]
[WhiteElo "2430"]
[BlackElo "2577"]
[WhiteFideId "4151887"]
[BlackFideId "24131423"]
[EventDate "2019.10.05"]

1. d4 Nf6 2. c4 g6 3. Nc3 Bg7 4. e4 d6 5. h3 O-O 6. Bg5 c5 7. d5 e6 8. Nf3 exd5
9. cxd5 Bd7 10. Bd3 b5 11. O-O c4 12. Bc2 Na6 13. e5 dxe5 14. Nxe5 h6 15. Bh4
Re8 16. Nxd7 Qxd7 17. Qf3 Nh7 18. Rad1 Ng5 19. Bxg5 hxg5 20. d6 Rac8 21. Nxb5
Bxb2 22. Qg4 Red8 23. Qxg5 Rc5 24. Qe7 Nb4 25. Ba4 Nd3 26. Nc3 Qxd6 27. Qxd6
Rxd6 28. Ne4 Rdd5 29. Nxc5 Rxc5 30. Rd2 Bd4 31. Bc2 Bc3 32. Re2 Nb4 33. Be4 f5
34. Rc1 Bd4 35. a3 Nd3 36. Rxc4 Nf4 37. Bd3 Nxe2+ 38. Bxe2 Rxc4 39. Bxc4+ Kg7
40. g3 Kf6 41. Kg2 Bc5 42. a4 Bb6 43. f4 Ba5 44. Bb5 1/2-1/2

[Event "Chigorin Memorial 2019"]
[Site "St Petersburg RUS"]
[Date "2019.10.10"]
[Round "6.13"]
[White "Aleksandrov, Aleksej"]
[Black "Popov, Mikhail"]
[Result "1-0"]
[WhiteTitle "GM"]
[BlackTitle "IM"]
[WhiteElo "2577"]
[BlackElo "2399"]
[WhiteFideId "13500139"]
[BlackFideId "4146182"]
[EventDate "2019.10.05"]

1. d4 Nf6 2. c4 g6 3. Nc3 Bg7 4. e4 d6 5. h3 O-O 6. Be3 Na6 7. Nf3 c6 8. Be2 e5
9. d5 Nh5 10. a3 f5 11. exf5 gxf5 12. Nxe5 Bxe5 13. Bxh5 Bxc3+ 14. bxc3 f4 15.
Bc1 Qe7+ 16. Kf1 Nc5 17. Ra2 Bf5 18. Kg1 Ne4 19. Qf3 Qg7 20. Qxf4 Nxc3 21. Rb2
Bg6 22. Qg4 Rae8 23. Bxg6 hxg6 24. dxc6 Re1+ 25. Kh2 Qe5+ 26. f4 Rxh1+ 27. Kxh1
Qe1+ 28. Kh2 Qxc1 29. Qxg6+ Kh8 30. Qh6+ Kg8 31. Qg5+ Kh8 32. Rxb7 1-0

[Event "Chigorin Memorial 2019"]
[Site "St Petersburg RUS"]
[Date "2019.10.10"]
[Round "6.14"]
[White "Khlebovich, Alexander"]
[Black "Moroni, Luca Jr"]
[Result "1-0"]
[WhiteTitle "FM"]
[BlackTitle "GM"]
[WhiteElo "2398"]
[BlackElo "2553"]
[WhiteFideId "4169123"]
[BlackFideId "865834"]
[EventDate "2019.10.05"]

1. d4 Nf6 2. Nf3 e6 3. c4 b6 4. g3 Bb7 5. Bg2 Be7 6. O-O O-O 7. Nc3 Na6 8. b3 d5
9. Ne5 c5 10. Bb2 Qb8 11. cxd5 exd5 12. e3 Nc7 13. Re1 Ne6 14. Ne2 Re8 15. Rc1
Bd6 16. Nd3 c4 17. bxc4 dxc4 18. Rxc4 Bxg2 19. Kxg2 Qb7+ 20. f3 Ng4 21. Ng1 Nf4+
22. exf4 Ne3+ 23. Rxe3 Rxe3 24. Ne5 Qa6 25. Rc2 Bxe5 26. fxe5 Rd8 27. Qc1 Rd3
28. Nh3 Qxa2 29. Nf2 Rb3 30. Rc8 Rf8 31. Rxf8+ Kxf8 32. Qc8+ Ke7 33. d5 Rxb2 34.
d6# 1-0

[Event "Chigorin Memorial 2019"]
[Site "St Petersburg RUS"]
[Date "2019.10.10"]
[Round "6.15"]
[White "Chekletsov, Ilya"]
[Black "Iljiushenok, Ilia"]
[Result "1/2-1/2"]
[WhiteTitle "IM"]
[BlackTitle "GM"]
[WhiteElo "2377"]
[BlackElo "2540"]
[WhiteFideId "24177156"]
[BlackFideId "24105074"]
[EventDate "2019.10.05"]

1. d4 Nf6 2. c4 g6 3. Nc3 Bg7 4. e4 d6 5. Nf3 O-O 6. Be2 e5 7. Be3 exd4 8. Nxd4
Re8 9. f3 c6 10. Bf2 d5 11. exd5 cxd5 12. O-O Nc6 13. c5 Bf8 14. Bb5 Bd7 15.
Bxc6 bxc6 16. b4 Qc7 17. Qd2 Nh5 18. Nce2 Ng7 19. Rfe1 Rac8 20. a3 Qb7 21. Ng3
Qa6 22. Qc3 Be7 23. Rad1 Bf6 24. Qc1 Rxe1+ 25. Rxe1 Re8 26. Rxe8+ Nxe8 27. Nge2
Nc7 28. h3 Ne6 29. Nxe6 Qxe2 30. Nd4 Qd3 31. Qe3 Qxe3 32. Bxe3 Kf8 33. b5 cxb5
34. c6 Bxd4 35. Bxd4 Bxc6 36. Bxa7 Ke7 37. Bd4 Ke6 38. g4 g5 39. Kf2 1/2-1/2

[Event "Chigorin Memorial 2019"]
[Site "St Petersburg RUS"]
[Date "2019.10.10"]
[Round "6.16"]
[White "Afanasiev, Nikita"]
[Black "Suleymenov, Alisher"]
[Result "1/2-1/2"]
[WhiteTitle "IM"]
[BlackTitle "IM"]
[WhiteElo "2520"]
[BlackElo "2370"]
[WhiteFideId "24183555"]
[BlackFideId "13707833"]
[EventDate "2019.10.05"]

1. Nf3 c5 2. c4 Nc6 3. d4 cxd4 4. Nxd4 Nf6 5. Nc3 e6 6. Ndb5 d5 7. cxd5 Nxd5 8.
Nxd5 exd5 9. Nd4 Qb6 10. e3 Bb4+ 11. Bd2 Nxd4 12. exd4 O-O 13. Bxb4 Re8+ 14. Be2
Qxb4+ 15. Qd2 Qe7 16. f3 Bf5 17. Kf2 Rac8 18. Rhc1 h5 19. g3 Qf6 20. h4 g6 21.
a4 Bd7 22. a5 a6 23. Rxc8 Rxc8 24. Ra3 Qf5 25. Rc3 Qh3 26. Rxc8+ Bxc8 27. Qe1
Bd7 28. Qf1 Qf5 29. Qc1 Qh3 30. Qf1 1/2-1/2

[Event "Chigorin Memorial 2019"]
[Site "St Petersburg RUS"]
[Date "2019.10.10"]
[Round "6.17"]
[White "Timerkhanov, Alexander"]
[Black "Levin, Evgeny A."]
[Result "1/2-1/2"]
[WhiteTitle "FM"]
[BlackTitle "GM"]
[WhiteElo "2354"]
[BlackElo "2511"]
[WhiteFideId "24177938"]
[BlackFideId "4182596"]
[EventDate "2019.10.05"]

1. d4 Nf6 2. Bg5 e6 3. e4 h6 4. Bxf6 Qxf6 5. c3 d6 6. Bd3 g6 7. Ne2 Bg7 8. O-O
e5 9. f4 Qe7 10. Nd2 O-O 11. Qb3 exd4 12. cxd4 Bg4 13. Nf3 Nd7 14. h3 Bxf3 15.
Rxf3 c5 16. Qxb7 Rab8 17. Qxa7 Ra8 18. Qb7 Rfb8 19. Qc7 Rc8 1/2-1/2

[Event "Chigorin Memorial 2019"]
[Site "St Petersburg RUS"]
[Date "2019.10.10"]
[Round "6.18"]
[White "Khegay, Dmitriy"]
[Black "Yeritsyan, Hayk"]
[Result "1-0"]
[WhiteTitle "IM"]
[WhiteElo "2509"]
[BlackElo "2292"]
[WhiteFideId "24153729"]
[BlackFideId "13307320"]
[EventDate "2019.10.05"]

1. e4 c6 2. d4 d5 3. exd5 cxd5 4. Bd3 Nc6 5. c3 Nf6 6. h3 Qc7 7. Nf3 g6 8. O-O
Bf5 9. Be2 Bg7 10. Re1 O-O 11. Be3 a6 12. Qc1 Rac8 13. Nbd2 Nb4 14. Nh4 Nd3 15.
Bxd3 Bxd3 16. Ndf3 Bb5 17. Bh6 Ne4 18. Bxg7 Kxg7 19. Ne5 Bd7 20. Qe3 b5 21. Nd3
Rce8 22. Nb4 e6 23. Nxa6 Qd8 24. Nf3 f6 25. Nb4 g5 26. Nd3 Nd6 27. Qe2 Nf5 28.
Nc5 h5 29. Nh2 Rh8 30. Nf1 Qc7 31. Ne3 Ne7 32. b4 Ng6 33. a4 bxa4 34. b5 Nf4 35.
Qf1 g4 36. h4 Rb8 37. Reb1 Ng6 38. Rxa4 g3 39. b6 Qd6 40. Ra7 Rhd8 41. fxg3 Nf8
42. Qf3 Rxb6 43. Rxb6 Qxb6 44. Rb7 Qa5 45. Kh2 Kg6 46. Nd1 Bc6 47. Qd3+ f5 48.
Qe3 Bxb7 49. Nxb7 Qc7 50. Qg5+ Kf7 51. Nxd8+ Ke8 52. Nxe6 Nxe6 53. Qxh5+ 1-0

[Event "Chigorin Memorial 2019"]
[Site "St Petersburg RUS"]
[Date "2019.10.10"]
[Round "6.19"]
[White "Tsaruk, Maksim"]
[Black "Burmakin, Vladimir"]
[Result "1/2-1/2"]
[BlackTitle "GM"]
[WhiteElo "2230"]
[BlackElo "2496"]
[WhiteFideId "13511173"]
[BlackFideId "4105109"]
[EventDate "2019.10.05"]

1. e4 c6 2. d4 d5 3. Nd2 dxe4 4. Nxe4 Bf5 5. Ng3 Bg6 6. h4 h6 7. Nf3 Nd7 8. h5
Bh7 9. Bd3 Bxd3 10. Qxd3 e6 11. Bd2 Qc7 12. O-O-O O-O-O 13. Kb1 Ngf6 14. Ne4 c5
15. Nxf6 Nxf6 16. Qc4 Rd5 17. Be3 Ng4 18. Qe2 Nxe3 19. fxe3 Be7 20. e4 Rdd8 21.
d5 exd5 22. exd5 Bf6 23. Rhe1 Qf4 24. Qb5 Qd6 25. c3 a6 26. Qd3 Kb8 27. Re4 Rd7
28. Qe3 Rhd8 29. Ne5 Bxe5 30. Rxe5 Ka7 31. Qe4 Qf6 32. Qe3 Qd6 33. Qe4 1/2-1/2

[Event "Chigorin Memorial 2019"]
[Site "St Petersburg RUS"]
[Date "2019.10.10"]
[Round "6.20"]
[White "Skvortsov, Alexander"]
[Black "Nesterov, Arseniy"]
[Result "0-1"]
[WhiteElo "2092"]
[BlackElo "2473"]
[WhiteFideId "24170038"]
[BlackFideId "24198455"]
[EventDate "2019.10.05"]

1. e4 e5 2. Nc3 Nc6 3. g3 Bc5 4. Bg2 h5 5. h3 d6 6. d3 Be6 7. Nf3 h4 8. g4 Nge7
9. Na4 Ng6 10. Nxc5 dxc5 11. O-O Qe7 12. a3 O-O-O 13. Qe2 f6 14. Be3 Nf4 15.
Bxf4 exf4 16. b4 Bxg4 17. hxg4 h3 18. Bh1 h2+ 19. Nxh2 Nd4 20. Qd2 Rxh2 21. Kxh2
Rh8+ 22. Kg1 f3 23. Rfe1 0-1

[Event "Chigorin Memorial 2019"]
[Site "St Petersburg RUS"]
[Date "2019.10.10"]
[Round "6.21"]
[White "Gevorgyan, David Sh."]
[Black "Volkov, Sergey"]
[Result "0-1"]
[WhiteTitle "IM"]
[BlackTitle "GM"]
[WhiteElo "2336"]
[BlackElo "2557"]
[WhiteFideId "13303244"]
[BlackFideId "4122763"]
[EventDate "2019.10.05"]

1. d4 d5 2. c4 c6 3. Nf3 Nf6 4. Nc3 a6 5. a4 Bf5 6. Qb3 b6 7. Bf4 e6 8. e3 Nbd7
9. cxd5 cxd5 10. Be2 Be7 11. h3 O-O 12. O-O Ne8 13. Rfc1 Bd6 14. Bxd6 Nxd6 15.
Qb4 Qb8 16. Bf1 Ra7 17. Ne5 a5 18. Qa3 Rc8 19. Nxd7 Rxd7 20. Ba6 Rcc7 21. Nb5
Nxb5 22. Bxb5 Rxc1+ 23. Rxc1 Rc7 24. Rc3 Qc8 25. Ba6 Qd8 26. Qb3 Qd6 27. Bb5 g5
28. Rxc7 Qxc7 29. Qd1 Kg7 30. Be2 h6 31. Bb5 Be4 32. Be2 Bg6 33. Qd2 f6 34. Qd1
Qc8 35. Kh1 Qc6 36. Bb5 Qc7 37. Be2 Kf8 38. Kg1 Ke7 39. Bd3 Be8 40. Qc2 Qxc2 41.
Bxc2 h5 42. h4 Kf8 43. Kh2 Kg7 44. Kg3 Bg6 45. Bd1 Kh6 46. f3 Bd3 47. Bb3 Kg6
48. Bd1 Kf7 49. Bb3 Ke7 50. Bd1 Bg6 51. Be2 Be8 52. Bd1 Bg6 53. Kh3 Bf5+ 54. Kg3
Kf7 55. Bb3 Bd3 56. Bd1 Kg6 57. Bb3 Kf5 58. Bd1 e5 59. Bb3 Ke6 60. hxg5 fxg5 61.
f4 gxf4+ 62. exf4 exd4 63. Kh4 Kf5 64. g3 Be2 65. Bxd5 d3 66. Bc4 Kf6 67. Bb5
Bf1 68. Be8 Ke7 69. Bc6 Ke6 70. Be8 0-1

[Event "Chigorin Memorial 2019"]
[Site "St Petersburg RUS"]
[Date "2019.10.10"]
[Round "6.22"]
[White "Lintchevski, Daniil"]
[Black "Iliaguev, Nisim"]
[Result "1-0"]
[WhiteTitle "GM"]
[BlackTitle "FM"]
[WhiteElo "2540"]
[BlackElo "2310"]
[WhiteFideId "4171055"]
[BlackFideId "2817276"]
[EventDate "2019.10.05"]

1. e4 c6 2. d4 d5 3. exd5 cxd5 4. Bd3 Nf6 5. c3 Nc6 6. Bf4 Bg4 7. Qb3 Qd7 8. Nd2
e6 9. Ngf3 Bxf3 10. Nxf3 Be7 11. Ne5 Qc8 12. O-O O-O 13. Qc2 Qd8 14. Rfe1 Rc8
15. Nxc6 Rxc6 1-0

[Event "Chigorin Memorial 2019"]
[Site "St Petersburg RUS"]
[Date "2019.10.10"]
[Round "6.23"]
[White "Postnikov, Artem"]
[Black "Svetushkin, Dmitry"]
[Result "0-1"]
[WhiteTitle "FM"]
[BlackTitle "GM"]
[WhiteElo "2297"]
[BlackElo "2534"]
[WhiteFideId "34153575"]
[BlackFideId "13900463"]
[EventDate "2019.10.05"]

1. e4 e5 2. Nf3 Nc6 3. Bc4 Bc5 4. d3 Nf6 5. O-O a6 6. c3 d6 7. a4 O-O 8. Bg5 Qe7
9. Nbd2 Ba7 10. Re1 Nd8 11. Nf1 Ne6 12. Bh4 Nf4 13. Ne3 c6 14. Nf5 Bxf5 15. exf5
Rae8 16. d4 e4 17. Bg5 Nxg2 18. Kxg2 exf3+ 19. Qxf3 Qd8 20. Qg3 d5 21. Bd3 Kh8
22. Qh4 Qd6 23. Bf4 Qd8 24. Be5 h6 25. Re3 Nh7 26. f6 Nxf6 27. Bxf6 Qxf6 28.
Qxf6 gxf6 29. Rae1 Rg8+ 30. Kh1 Rxe3 31. Rxe3 Rb8 32. Re7 Kg7 33. Bf5 c5 34.
dxc5 Bxc5 35. Rc7 b6 36. Kg2 d4 37. b4 Bf8 38. cxd4 Bxb4 39. Be6 Rf8 40. Bc4 a5
41. Rb7 h5 42. Rxb6 0-1